| 000 | 00728nam a2200229 u 4500 | ||
|---|---|---|---|
| 005 | 20240920064437.0 | ||
| 008 | 140409s1985 r 000 0 eng d | ||
| 020 | _a8432993328 | ||
| 035 | _aUPN01000196931 | ||
| 049 | _aCG | ||
| 050 | 4 |
_aLB41 _bS2.7 |
|
| 100 | 1 |
_aSarramona López, Jaime, _d1944- _929962 |
|
| 245 | 1 | 1 |
_a¿Qué es la pedagogía? : _buna respuesta actual / _cJaime Sarramona, Salomo Marques. |
| 260 |
_aBarcelona, Esp. : _bCEAC, _c1985. |
||
| 300 |
_a124 p. : _bil. |
||
| 440 | 0 |
_aEducación y enseñanza. _pMonográfica |
|
| 650 | 4 |
_aEducación _xFines y objetivos _94837 |
|
| 650 | 4 |
_aEducación _xEstudio y enseñanza _91553 |
|
| 700 | 1 |
_aMarques, Salomo, _ecoaut. |
|
| 905 | _aLibro | ||
| 999 |
_c169032 _d169032 |
||